000 00387nam a22001697a 4500
005 20251209105004.0
008 251209b |||||||| |||| 00| 0 eng d
037 _cDSWL
040 _aDSWL
_cDSWL
041 _heng
245 _aSocial Action
260 _aNew Delhi,
_bICSSR,
_c2024
300 _a444p
490 _vVol. 74(1-4)
942 _2CC
_cCR
_n0
999 _c1466058
_d1466058